000 02248cam a22001934a 4500
005 20250605163421.0
008 250528s ||||||||||||||||||||||||d
035 _a18732
020 _a9602551631
040 _aGR-AtMCL
_bgre
_dGR-AtMCL
_eAACR2
245 1 _aΑξιολόγηση Επενδύσεων και Χρηματοδοτήσεις και Χρηματιστηριακές Αγορές / Αξιολόγηση Επενδύσεων: Τομος Α'
260 _bΤο Οικονομικο,
_c1999
300 _a184
520 _aΠρόλογος, Διάρθρωση Ύλης, Αξιολόγηση Επενδύσεων, Μέθοδοι Αξιολόγησης Επενδυτικών Έργων, Σύγκριση των Μεθόδων της ΚΠΑ και του ΕΒΑ, Ανάλυση Καθαρών Ταμειακών Ροών, Αξιολόγηση Επενδύσεων σε Καθεστώς Πληθωρισμού, Αξία και Αγορά Χρήματος, Νόημα και Μέτρηση του Κινδύνου, Κριτήρια Αξιολόγησης Επενδύσεων σε Καθεστώς Κινδύνου, Χρηματοδοτικές Αποφάσεις, Βασικά Χαρακτηριστικά του Χρηματοδοτικού Συστήματος, Πρωτογενείς και Δευτερογενείς Αγορές Χρήματος και Κεφαλαίου, Η Υπόθεση της Αποτελεσματικότητας της Αγοράς Αξιόγραφων, Η Πρωτογενής Αγορά Μετοχών στην Ελλάδα, Υποδείγματα Αποτίμησης Μετοχών, Κόστος Κεφάλαιου, Ανάλυση του Επιχειρηματικού και Χρηματοδοτικού Κινδύνου, Ανάλυση Χρηματοδοτικής Διάρθρωσης, Μεισματική Πολιτική, Τρόποι Αύξησης του Μετοχικού Κεφάλαιου, Ανάλυση Χαρτοφυλάκιου, Εκτίμηση του Υποδείγματος της Αγοράς, Ειδικά Θέματα Χρηματοδότησης, Case Studies.
700 1 _aΚαραθανασης Γεωργιος Α
942 _cBK
999 _c4052
_d4052